000 00442aas a2200121 4500
008 240219b |||||||| |||| 00| 0 eng d
245 _aThe American journal of Islamic social sciences-Cumulative index, 1984-2002
260 _a Herndon, (USA) :
_bThe Association of Muslim social scientists : International institute of Islamic thought,
300 _b95 p.
650 _aIslam -- Periodicals
650 _aMuslims -- Periodicals
942 _cCR
999 _c4749
_d4749